Svařování /
Guardado en:
| Autor principal: | |
|---|---|
| Formato: | Libro |
| Lenguaje: | checo |
| Publicado: |
Praha :
SNTL,
1987
|
| Edición: | 1.vyd. |
| Materias: | |
| Etiquetas: |
Sin Etiquetas, Sea el primero en etiquetar este registro!
|
MARC
| LEADER | 00000nam a22000003a 4500 | ||
|---|---|---|---|
| 001 | stu42752 | ||
| 005 | 20150617225719.0 | ||
| 008 | 940517s1987----cs------------------cze-d | ||
| 040 | |a STU |b slo | ||
| 041 | 0 | |a cze | |
| 044 | |a cs | ||
| 080 | |a 621.791(075.3) | ||
| 100 | 1 | |a Bernasová, Eva |4 xxx | |
| 245 | 1 | |a Svařování / |c Eva Bernasová a kol | |
| 250 | |a 1.vyd. | ||
| 260 | |a Praha : |b SNTL, |c 1987 | ||
| 300 | |a 199 s | ||
| 650 | 7 | |a zváranie |2 stusub | |
| 650 | 7 | |a učeb.SOU |2 stusub | |
| 996 | |b 284M003250 |c M*4485-1 |l MMKN |s A |a 24 |w stu42752_0001 | ||
| 996 | |b 284M003249 |c M*4485-2 |l MMKN |s A |a 24 |w stu42752_0002 | ||